Zákon Národnej rady Slovenskej republiky č.13/1993 Z.z. z 21. decembra 1992 o umeleckých fondoch

Úplné znenie zákona Národnej rady Slovenskej republiky č.13/1993 Z.z. z 21. decembra 1992 o umeleckých fondoch.

Gespeichert in:
Bibliographische Detailangaben
Format: Buchkapitel
Sprache:Slowakisch
Schlagworte:
Tags: Tag hinzufügen
Keine Tags, Fügen Sie das erste Tag hinzu!

MARC

LEADER 00000naa a2200000 4500
001 r023985
005 20221213113241.0
041 0 |a slo 
044 |a SK 
245 1 0 |a Zákon Národnej rady Slovenskej republiky č.13/1993 Z.z. z 21. decembra 1992 o umeleckých fondoch 
520 |a Úplné znenie zákona Národnej rady Slovenskej republiky č.13/1993 Z.z. z 21. decembra 1992 o umeleckých fondoch. 
610 2 0 |a zákony 
610 2 0 |a NR SR Bratislava 
610 2 0 |a 1993 
610 2 0 |a umenie 
610 2 0 |a fondy peňažné 
610 2 0 |a kultúra